| 000 | 00432nam a2200145Ia 4500 | ||
|---|---|---|---|
| 008 | 231129s2001||||xx |||||||||||||| ||spa|| | ||
| 020 | _a950-07-2009-4 | ||
| 040 | _bspa | ||
| 082 | _a079.82 ó62ó | ||
| 100 | _aOppenheimer andrés | ||
| 245 | 0 | _aOjos vendados: estados unidos y el negocio de la corrupción en america latina | |
| 260 | _c2001 | ||
| 264 | _asudamericana | ||
| 942 |
_2ddc _cBKS |
||
| 999 |
_c22076 _d22076 |
||